000
00363nam a2200133Ia 4500
008
151001s9999||||xx |||||||||||||| ||und||
100
_a
विजय तरवडे
245
_a
सारे प्रवासी सौंदर्य तिमिराचे
250
_a
1
260
_b
तरवडे
260
_c
1977
300
_a
71
365
_b
18
999
_c
959579
_d
959576